| 000 | 00599nam a22002177a 4500 | ||
|---|---|---|---|
| 999 |
_c16582 _d16582 |
||
| 003 | OSt | ||
| 005 | 20171011132119.0 | ||
| 008 | 171011b xxu||||| |||| 00| 0 eng d | ||
| 020 | _a9781857885415 | ||
| 040 | _cKABU | ||
| 050 |
_aHD58.8 _b.B75 2009 C.1 |
||
| 100 | _aBridges, William | ||
| 245 |
_aManaging transitions / _bmaking the most of change _cWilliam Bridges |
||
| 250 | _a3rd ed. | ||
| 260 |
_aLondon _bNicholas Brealey _c2009 |
||
| 300 | _axi, 168p. | ||
| 650 | _aOrganizational change | ||
| 650 | _aIndustrial management | ||
| 650 | _apersonnel management | ||
| 942 |
_2lcc _cBK |
||